|
|
|
|
| LEADER |
00846cam a2200301 7i4500 |
| 001 |
0000029389 |
| 005 |
20130409090000.0 |
| 022 |
0 |
0 |
|a 20929447
|
| 090 |
0 |
0 |
|a STAT 310.9
|b ASE (ASEA)
|
| 245 |
0 |
0 |
|a ASEAN & Korea infigures 2011.
|
| 260 |
0 |
0 |
|a Seoul:
|b ASEAN - Korea Centre,
|c 2011.
|
| 300 |
# |
# |
|a 130 p.
|
| 650 |
0 |
0 |
|a Korea --
|x Economic conditions --
|x Statistics
|
| 650 |
0 |
0 |
|a ASEAN --
|x Economic conditions --
|x Statistics
|
| 651 |
0 |
0 |
|a Brunei
|
| 651 |
0 |
0 |
|a Cambodia
|
| 651 |
0 |
0 |
|a Laos
|
| 651 |
0 |
0 |
|a Thailand
|
| 651 |
0 |
0 |
|a Myanmar
|
| 651 |
0 |
0 |
|a Vietnam
|
| 651 |
0 |
0 |
|a ASEAN
|
| 651 |
0 |
0 |
|a Korea
|
| 651 |
0 |
0 |
|a Malaysia
|
| 651 |
0 |
0 |
|a Indonesia
|
| 651 |
0 |
0 |
|a Singapore
|
| 651 |
0 |
0 |
|a Philippines
|
| 999 |
|
|
|a 0000031982
|b Book
|c Statistics
|e Business Information Centre
|
| 999 |
|
|
|a 0000031888
|b Book
|c Statistics
|e Business Information Centre
|